[Event "DEM U18 2022"]
[Site "Willingen GER"]
[Date "2022.06.08"]
[Round "6"]
[White "Kallweit, Paul"]
[Black "Geltz, Noah"]
[Result "1/2-1/2"]
[Termination "normal"]
[Board "9"]
[WhiteElo "1863"]
[BlackElo "2156"]
[WhiteClock "00:07:25"]
[BlackClock "00:17:59"]
[PlyCount "47"]
[WhiteFideId "16228081"]
[BlackFideId "16224256"]
[EventCountry "GER"]
[EventRounds "9"]
[EventType "swiss"]
[EventDate "2022.06.04"]

1. c4 {[%clk 1:30:57]} c5 {[%clk 1:29:49]} 2. g3 {[%clk 1:31:11]} g6 {[%clk
1:29:31]} 3. Bg2 {[%clk 1:31:35]} Bg7 {[%clk 1:29:52]} 4. Nc3 {[%clk 1:31:47]}
Nc6 {[%clk 1:29:17]} 5. d3 {[%clk 1:31:09]} e6 {[%clk 1:26:34]} 6. e4 {[%clk
1:17:23]} Nge7 {[%clk 1:22:12]} 7. Nge2 {[%clk 1:16:56]} O-O {[%clk 1:19:15]}
8. O-O {[%clk 1:16:29]} d6 {[%clk 1:14:33]} 9. Be3 {[%clk 1:09:34]} e5 {[%clk
1:12:55]} 10. Qd2 {[%clk 0:57:03]} Nd4 {[%clk 1:05:43]} 11. f4 {[%clk 0:46:50]}
Nec6 {[%clk 1:02:14]} 12. Rf2 {[%clk 0:36:41]} Nxe2+ {[%clk 0:45:56]} 13. Nxe2
{[%clk 0:34:52]} exf4 {[%clk 0:43:13]} 14. Nxf4 {[%clk 0:31:07]} Be6 {[%clk
0:35:19]} 15. Raf1 {[%clk 0:26:26]} Qd7 {[%clk 0:33:20]} 16. Nxe6 {[%clk
0:19:59]} fxe6 {[%clk 0:32:57]} 17. Bh3 {[%clk 0:18:11]} Rxf2 {[%clk 0:31:45]}
18. Rxf2 {[%clk 0:18:05]} Bd4 {[%clk 0:25:08]} 19. Bxd4 {[%clk 0:15:18]} Nxd4
{[%clk 0:25:00]} 20. Qf4 {[%clk 0:14:50]} Nc6 {[%clk 0:21:30]} 21. Bg4 {[%clk
0:09:35]} Qe7 {[%clk 0:19:14]} 22. h4 {[%clk 0:08:00]} Ne5 {[%clk 0:18:47]} 23.
Be2 {[%clk 0:07:33]} Rf8 {[%clk 0:17:59]} 24. Qxf8+ {[%clk 0:07:25]} 1/2-1/2

[Event "DEM U18 2022"]
[Site "Willingen GER"]
[Date "2022.06.08"]
[Round "6"]
[White "Chen, Qingzhi Alexander"]
[Black "Orf, Niklas"]
[Result "1-0"]
[Termination "normal"]
[Board "11"]
[WhiteElo "1879"]
[BlackElo "1797"]
[WhiteClock "00:03:54"]
[BlackClock "00:01:37"]
[PlyCount "171"]
[WhiteFideId "16241959"]
[BlackFideId "16245571"]
[EventCountry "GER"]
[EventRounds "9"]
[EventType "swiss"]
[EventDate "2022.06.04"]

1. e4 {[%clk 1:30:58]} d6 {[%clk 1:30:56]} 2. d4 {[%clk 1:31:26]} Nf6 {[%clk
1:31:21]} 3. Nc3 {[%clk 1:31:54]} Nbd7 {[%clk 1:31:46]} 4. Nf3 {[%clk 1:32:10]}
e5 {[%clk 1:32:11]} 5. Bc4 {[%clk 1:32:37]} Be7 {[%clk 1:32:36]} 6. Be3 {[%clk
1:33:04]} O-O {[%clk 1:32:22]} 7. h3 {[%clk 1:33:05]} a6 {[%clk 1:32:00]} 8. a4
{[%clk 1:32:25]} b6 {[%clk 1:31:35]} 9. O-O {[%clk 1:28:35]} Bb7 {[%clk
1:31:24]} 10. d5 {[%clk 1:28:08]} a5 {[%clk 1:30:26]} 11. Nd2 {[%clk 1:24:20]}
Nc5 {[%clk 1:25:09]} 12. Qe2 {[%clk 1:20:47]} Nfd7 {[%clk 1:17:43]} 13. Bd3
{[%clk 1:16:02]} Bg5 {[%clk 1:15:13]} 14. Nb5 {[%clk 1:12:11]} Bxe3 {[%clk
1:13:33]} 15. Qxe3 {[%clk 1:12:25]} Ba6 {[%clk 1:02:51]} 16. c3 {[%clk
1:10:25]} Nxd3 {[%clk 0:53:34]} 17. Qxd3 {[%clk 1:10:46]} Nc5 {[%clk 0:53:58]}
18. Qe2 {[%clk 0:59:39]} Qd7 {[%clk 0:50:54]} 19. c4 {[%clk 0:52:40]} f5 {[%clk
0:42:43]} 20. f3 {[%clk 0:46:33]} f4 {[%clk 0:38:53]} 21. Ra3 {[%clk 0:38:21]}
Bb7 {[%clk 0:36:17]} 22. Nb3 {[%clk 0:37:05]} Na6 {[%clk 0:36:02]} 23. Nc1
{[%clk 0:36:41]} Rf6 {[%clk 0:35:50]} 24. Nd3 {[%clk 0:29:39]} Rg6 {[%clk
0:32:35]} 25. Kf2 {[%clk 0:25:21]} Qe7 {[%clk 0:28:49]} 26. Ke1 {[%clk
0:24:41]} Qh4+ {[%clk 0:28:06]} 27. Kd2 {[%clk 0:24:37]} Rf8 {[%clk 0:23:56]}
28. Raa1 {[%clk 0:21:10]} Rg3 {[%clk 0:21:46]} 29. b3 {[%clk 0:19:33]} Rf6
{[%clk 0:20:35]} 30. Kc2 {[%clk 0:17:38]} Rfg6 {[%clk 0:20:19]} 31. Rf2 {[%clk
0:17:48]} Qg5 {[%clk 0:19:17]} 32. Ne1 {[%clk 0:17:01]} Bc8 {[%clk 0:16:55]}
33. Rd1 {[%clk 0:15:20]} h5 {[%clk 0:16:48]} 34. Rd2 {[%clk 0:13:17]} Bd7
{[%clk 0:16:29]} 35. Nc3 {[%clk 0:12:40]} Kf7 {[%clk 0:13:33]} 36. Qf1 {[%clk
0:12:15]} Qe7 {[%clk 0:10:09]} 37. Ne2 {[%clk 0:05:27]} R3g5 {[%clk 0:10:30]}
38. h4 {[%clk 0:04:35]} Rg3 {[%clk 0:10:52]} 39. Qh1 {[%clk 0:01:11]} Rf6
{[%clk 0:11:08]} 40. Nd3 {[%clk 0:00:43]} Nc5 {[%clk 0:07:02]} 41. Nxc5 {[%clk
0:26:05]} bxc5 {[%clk 0:35:05]} 42. Qh2 {[%clk 0:25:37]} Rfg6 {[%clk 0:33:36]}
43. Nc3 {[%clk 0:23:41]} Rh6 {[%clk 0:29:49]} 44. Rd1 {[%clk 0:21:48]} g5
{[%clk 0:16:36]} 45. hxg5 {[%clk 0:19:47]} Rxg5 {[%clk 0:15:29]} 46. Qh4 {[%clk
0:17:34]} Rg7 {[%clk 0:13:18]} 47. Qh1 {[%clk 0:16:13]} Qd8 {[%clk 0:07:04]}
48. Nb5 {[%clk 0:16:04]} c6 {[%clk 0:04:50]} 49. dxc6 {[%clk 0:15:41]} Bxc6
{[%clk 0:05:11]} 50. Rfd2 {[%clk 0:15:35]} Rgg6 {[%clk 0:05:10]} 51. Qh3 {[%clk
0:13:06]} Ke8 {[%clk 0:03:27]} 52. Nc3 {[%clk 0:07:20]} h4 {[%clk 0:03:26]} 53.
Nb5 {[%clk 0:06:19]} Qd7 {[%clk 0:03:03]} 54. Qh1 {[%clk 0:04:21]} Qd8 {[%clk
0:02:32]} 55. Nc3 {[%clk 0:04:20]} Qd7 {[%clk 0:02:46]} 56. Na2 {[%clk
0:04:41]} Rh7 {[%clk 0:02:19]} 57. Nc1 {[%clk 0:04:33]} h3 {[%clk 0:02:22]} 58.
gxh3 {[%clk 0:04:36]} Rxh3 {[%clk 0:02:28]} 59. Qf1 {[%clk 0:04:35]} Rhh6
{[%clk 0:02:09]} 60. Na2 {[%clk 0:04:46]} Ke7 {[%clk 0:02:12]} 61. Rg2 {[%clk
0:04:11]} Qe8 {[%clk 0:01:41]} 62. Rdd2 {[%clk 0:04:05]} Qg8 {[%clk 0:01:54]}
63. Nc3 {[%clk 0:03:34]} Kf7 {[%clk 0:01:31]} 64. Rh2 {[%clk 0:02:29]} Qh8
{[%clk 0:01:19]} 65. Rxh6 {[%clk 0:02:10]} Qxh6 {[%clk 0:01:43]} 66. Nb5 {[%clk
0:02:20]} Ke7 {[%clk 0:01:42]} 67. Nc3 {[%clk 0:02:02]} Qh8 {[%clk 0:02:00]}
68. Rg2 {[%clk 0:02:21]} Rh6 {[%clk 0:01:47]} 69. Qg1 {[%clk 0:02:23]} Kf7
{[%clk 0:02:04]} 70. Nb5 {[%clk 0:02:34]} Qf8 {[%clk 0:01:36]} 71. Rg5 {[%clk
0:02:51]} Bd7 {[%clk 0:01:38]} 72. Nc7 {[%clk 0:02:09]} Qh8 {[%clk 0:01:37]}
73. Nb5 {[%clk 0:02:14]} Qf8 {[%clk 0:01:06]} 74. Kc3 {[%clk 0:02:18]} Qh8
{[%clk 0:00:53]} 75. Kb2 {[%clk 0:02:22]} Rh1 {[%clk 0:00:54]} 76. Qf2 {[%clk
0:02:30]} Rh6 {[%clk 0:00:37]} 77. Qd2 {[%clk 0:02:36]} Qf6 {[%clk 0:01:01]}
78. Rg2 {[%clk 0:02:45]} Bxb5 {[%clk 0:00:42]} 79. axb5 {[%clk 0:03:04]} Qd8
{[%clk 0:01:06]} 80. Qd5+ {[%clk 0:03:24]} Kf6 {[%clk 0:01:15]} 81. Qb7 {[%clk
0:03:31]} Rg6 {[%clk 0:01:09]} 82. Rxg6+ {[%clk 0:03:20]} Kxg6 {[%clk 0:01:36]}
83. Qc6 {[%clk 0:03:39]} Qg5 {[%clk 0:01:16]} 84. Qxd6+ {[%clk 0:03:58]} Kh5
{[%clk 0:01:43]} 85. Qd2 {[%clk 0:04:08]} Qg3 {[%clk 0:01:37]} 86. b6 {[%clk
0:03:54]} 1-0

[Event "DEM U18 2022"]
[Site "Willingen GER"]
[Date "2022.06.08"]
[Round "6"]
[White "Leonard, Timo"]
[Black "Rohde, Niclas"]
[Result "1/2-1/2"]
[Termination "normal"]
[Board "12"]
[WhiteElo "2018"]
[BlackElo "1730"]
[WhiteClock "00:08:06"]
[BlackClock "00:05:30"]
[PlyCount "82"]
[WhiteFideId "16208757"]
[BlackFideId "16230205"]
[EventCountry "GER"]
[EventRounds "9"]
[EventType "swiss"]
[EventDate "2022.06.04"]

1. d4 {[%clk 1:30:58]} Nf6 {[%clk 1:30:52]} 2. c4 {[%clk 1:31:25]} g6 {[%clk
1:31:17]} 3. Nc3 {[%clk 1:31:52]} Bg7 {[%clk 1:31:37]} 4. e4 {[%clk 1:32:19]}
d6 {[%clk 1:31:58]} 5. Nf3 {[%clk 1:32:46]} O-O {[%clk 1:32:15]} 6. Be2 {[%clk
1:33:13]} Nbd7 {[%clk 1:32:34]} 7. Be3 {[%clk 1:32:30]} c6 {[%clk 1:32:41]} 8.
O-O {[%clk 1:30:19]} e5 {[%clk 1:32:51]} 9. d5 {[%clk 1:30:38]} c5 {[%clk
1:33:10]} 10. Nd2 {[%clk 1:29:41]} Kh8 {[%clk 1:28:21]} 11. a3 {[%clk 1:25:35]}
Ng8 {[%clk 1:21:50]} 12. b4 {[%clk 1:17:31]} b6 {[%clk 1:21:52]} 13. Rb1 {[%clk
1:07:28]} f5 {[%clk 1:17:58]} 14. f3 {[%clk 1:07:37]} f4 {[%clk 1:17:18]} 15.
Bf2 {[%clk 1:08:05]} g5 {[%clk 1:16:40]} 16. Qa4 {[%clk 1:05:25]} Rf6 {[%clk
1:09:29]} 17. Qc6 {[%clk 0:54:38]} Rb8 {[%clk 1:05:13]} 18. bxc5 {[%clk
0:52:22]} Nxc5 {[%clk 0:53:06]} 19. Qb5 {[%clk 0:52:44]} Rb7 {[%clk 0:52:50]}
20. a4 {[%clk 0:44:41]} h5 {[%clk 0:49:49]} 21. Ra1 {[%clk 0:42:19]} Rg6 {[%clk
0:47:15]} 22. a5 {[%clk 0:36:42]} g4 {[%clk 0:46:02]} 23. Bxc5 {[%clk 0:30:56]}
bxc5 {[%clk 0:45:49]} 24. Qa4 {[%clk 0:30:33]} g3 {[%clk 0:43:59]} 25. h3
{[%clk 0:30:41]} Qh4 {[%clk 0:44:05]} 26. Rfb1 {[%clk 0:28:45]} Bxh3 {[%clk
0:36:51]} 27. gxh3 {[%clk 0:28:50]} Rxb1+ {[%clk 0:37:01]} 28. Rxb1 {[%clk
0:27:57]} g2 {[%clk 0:37:10]} 29. Qe8 {[%clk 0:24:00]} Kh7 {[%clk 0:31:04]} 30.
Qd7 {[%clk 0:22:18]} Nh6 {[%clk 0:27:23]} 31. Bd3 {[%clk 0:17:22]} Rg3 {[%clk
0:25:54]} 32. Rb7 {[%clk 0:16:58]} Rg5 {[%clk 0:17:42]} 33. Rb1 {[%clk
0:17:10]} Ng8 {[%clk 0:10:55]} 34. Ne2 {[%clk 0:14:49]} Nf6 {[%clk 0:08:37]}
35. Qe6 {[%clk 0:15:09]} Ng4 {[%clk 0:07:28]} 36. hxg4 {[%clk 0:10:43]} hxg4
{[%clk 0:06:16]} 37. fxg4 {[%clk 0:08:28]} Qh1+ {[%clk 0:04:12]} 38. Kf2 {[%clk
0:08:44]} Qh4+ {[%clk 0:04:27]} 39. Kg1 {[%clk 0:08:24]} Qh1+ {[%clk 0:04:46]}
40. Kf2 {[%clk 0:08:23]} Qh4+ {[%clk 0:05:10]} 41. Kg1 {[%clk 0:08:06]} Qh1+
{[%clk 0:05:30]} 1/2-1/2

[Event "DEM U18 2022"]
[Site "Willingen GER"]
[Date "2022.06.09"]
[Round "7"]
[White "Zackrisson, Peter"]
[Black "Weishäutel, Moritz"]
[Result "0-1"]
[Termination "normal"]
[Board "3"]
[BlackTitle "FM"]
[WhiteElo "2020"]
[BlackElo "2407"]
[WhiteClock "00:23:34"]
[BlackClock "00:29:21"]
[PlyCount "104"]
[WhiteFideId "16282078"]
[BlackFideId "12967300"]
[EventCountry "GER"]
[EventRounds "9"]
[EventType "swiss"]
[EventDate "2022.06.04"]

1. e4 {[%clk 1:30:57]} c5 {[%clk 1:30:57]} 2. Nf3 {[%clk 1:31:11]} d6 {[%clk
1:31:23]} 3. Bb5+ {[%clk 1:31:09]} Bd7 {[%clk 1:31:45]} 4. Bxd7+ {[%clk
1:31:31]} Qxd7 {[%clk 1:32:12]} 5. c4 {[%clk 1:31:48]} Nf6 {[%clk 1:32:38]} 6.
Nc3 {[%clk 1:32:09]} Nc6 {[%clk 1:33:05]} 7. d4 {[%clk 1:32:11]} cxd4 {[%clk
1:33:31]} 8. Nxd4 {[%clk 1:32:35]} g6 {[%clk 1:33:53]} 9. f3 {[%clk 1:32:17]}
Bg7 {[%clk 1:34:10]} 10. Be3 {[%clk 1:32:43]} O-O {[%clk 1:34:31]} 11. O-O
{[%clk 1:32:43]} a6 {[%clk 1:34:27]} 12. Qd3 {[%clk 1:32:20]} Rab8 {[%clk
1:33:44]} 13. Rac1 {[%clk 1:21:23]} Rfc8 {[%clk 1:15:55]} 14. Nxc6 {[%clk
1:19:33]} bxc6 {[%clk 1:15:51]} 15. b3 {[%clk 1:18:14]} Qb7 {[%clk 1:14:39]}
16. c5 {[%clk 1:07:42]} d5 {[%clk 1:10:15]} 17. Rfd1 {[%clk 1:03:02]} e6 {[%clk
1:07:04]} 18. Bf4 {[%clk 0:59:56]} Ra8 {[%clk 1:06:55]} 19. Na4 {[%clk
0:59:42]} Nd7 {[%clk 1:06:03]} 20. Rc2 {[%clk 0:53:52]} Re8 {[%clk 0:47:43]}
21. Be3 {[%clk 0:51:58]} Rad8 {[%clk 0:45:38]} 22. Qe2 {[%clk 0:39:04]} Nf6
{[%clk 0:41:29]} 23. Bg5 {[%clk 0:36:24]} dxe4 {[%clk 0:38:36]} 24. Rxd8 {[%clk
0:36:42]} Rxd8 {[%clk 0:39:05]} 25. fxe4 {[%clk 0:36:58]} Rd4 {[%clk 0:38:12]}
26. Be3 {[%clk 0:23:46]} Rxe4 {[%clk 0:36:40]} 27. Qd3 {[%clk 0:23:43]} Qd7
{[%clk 0:29:40]} 28. Qxd7 {[%clk 0:21:14]} Nxd7 {[%clk 0:30:08]} 29. Rd2 {[%clk
0:19:56]} Rxe3 {[%clk 0:27:03]} 30. Kf2 {[%clk 0:16:48]} Re5 {[%clk 0:25:37]}
31. Rxd7 {[%clk 0:17:01]} Rd5 {[%clk 0:25:37]} 32. Rc7 {[%clk 0:16:14]} Rd2+
{[%clk 0:25:37]} 33. Kf3 {[%clk 0:16:00]} f5 {[%clk 0:21:48]} 34. Rxc6 {[%clk
0:14:58]} e5 {[%clk 0:22:16]} 35. Rd6 {[%clk 0:10:36]} e4+ {[%clk 0:21:39]} 36.
Kf4 {[%clk 0:10:56]} Rf2+ {[%clk 0:16:37]} 37. Kg3 {[%clk 0:06:52]} Rc2 {[%clk
0:16:52]} 38. Rd5 {[%clk 0:06:06]} Kf7 {[%clk 0:14:50]} 39. Nb6 {[%clk
0:06:08]} Rc3+ {[%clk 0:05:39]} 40. Kf2 {[%clk 0:05:52]} Rxc5 {[%clk 0:04:37]}
41. Rxc5 {[%clk 0:04:18]} Bd4+ {[%clk 0:05:02]} 42. Ke2 {[%clk 0:28:52]} Bxc5
{[%clk 0:35:26]} 43. Nd7 {[%clk 0:22:03]} Bd6 {[%clk 0:34:39]} 44. h3 {[%clk
0:22:26]} Ke6 {[%clk 0:32:46]} 45. Nb6 {[%clk 0:22:49]} Bc5 {[%clk 0:32:28]}
46. Nc4 {[%clk 0:23:11]} Kd5 {[%clk 0:32:28]} 47. Kd2 {[%clk 0:23:31]} f4
{[%clk 0:32:27]} 48. Ke2 {[%clk 0:23:23]} g5 {[%clk 0:32:07]} 49. h4 {[%clk
0:22:58]} g4 {[%clk 0:29:57]} 50. h5 {[%clk 0:23:20]} f3+ {[%clk 0:29:45]} 51.
gxf3 {[%clk 0:23:33]} exf3+ {[%clk 0:29:03]} 52. Kf1 {[%clk 0:23:34]} g3 {[%clk
0:29:21]} 0-1

[Event "DEM U18 2022"]
[Site "Willingen GER"]
[Date "2022.06.09"]
[Round "7"]
[White "von Mettenheim, Johannes"]
[Black "Dobrikov, Marco"]
[Result "1-0"]
[Termination "normal"]
[Board "4"]
[BlackTitle "FM"]
[WhiteElo "2219"]
[BlackElo "2234"]
[WhiteClock "00:31:16"]
[BlackClock "00:29:07"]
[PlyCount "96"]
[WhiteFideId "16244818"]
[BlackFideId "12950378"]
[EventCountry "GER"]
[EventRounds "9"]
[EventType "swiss"]
[EventDate "2022.06.04"]

1. d4 {[%clk 1:30:58]} Nf6 {[%clk 1:30:56]} 2. c4 {[%clk 1:31:18]} g6 {[%clk
1:31:22]} 3. Nc3 {[%clk 1:31:37]} Bg7 {[%clk 1:31:41]} 4. e4 {[%clk 1:31:58]}
d6 {[%clk 1:32:09]} 5. Be2 {[%clk 1:32:13]} O-O {[%clk 1:32:31]} 6. Bg5 {[%clk
1:32:33]} Na6 {[%clk 1:31:02]} 7. Qd2 {[%clk 1:32:47]} e5 {[%clk 1:29:35]} 8.
d5 {[%clk 1:32:37]} Qe8 {[%clk 1:29:38]} 9. h4 {[%clk 1:32:18]} Nc5 {[%clk
1:24:27]} 10. Bf3 {[%clk 1:31:54]} a5 {[%clk 1:22:18]} 11. h5 {[%clk 1:31:52]}
c6 {[%clk 1:08:22]} 12. Nh3 {[%clk 1:15:24]} cxd5 {[%clk 1:07:11]} 13. cxd5
{[%clk 1:05:40]} b5 {[%clk 1:03:13]} 14. Bxf6 {[%clk 1:01:59]} Bxf6 {[%clk
1:03:42]} 15. Ne2 {[%clk 0:54:33]} Qe7 {[%clk 0:53:45]} 16. Nc1 {[%clk
0:53:48]} Bxh3 {[%clk 0:50:02]} 17. Rxh3 {[%clk 0:53:56]} Bg5 {[%clk 0:50:28]}
18. Qe2 {[%clk 0:54:16]} Rac8 {[%clk 0:44:50]} 19. Kf1 {[%clk 0:44:47]} Nxe4
{[%clk 0:35:21]} 20. Nb3 {[%clk 0:44:51]} Nc5 {[%clk 0:34:02]} 21. Qxb5 {[%clk
0:34:42]} Rb8 {[%clk 0:29:31]} 22. Qc4 {[%clk 0:33:46]} Nxb3 {[%clk 0:29:05]}
23. axb3 {[%clk 0:34:11]} Rfc8 {[%clk 0:29:05]} 24. Qd3 {[%clk 0:29:32]} Rb4
{[%clk 0:28:55]} 25. hxg6 {[%clk 0:26:52]} hxg6 {[%clk 0:28:15]} 26. Be2 {[%clk
0:25:13]} Kg7 {[%clk 0:25:16]} 27. Qa6 {[%clk 0:19:06]} Rc2 {[%clk 0:22:39]}
28. Bc4 {[%clk 0:17:23]} e4 {[%clk 0:21:15]} 29. Kg1 {[%clk 0:17:38]} e3 {[%clk
0:19:17]} 30. fxe3 {[%clk 0:15:35]} Bxe3+ {[%clk 0:19:41]} 31. Kh1 {[%clk
0:15:42]} Qe4 {[%clk 0:19:24]} 32. Bf1 {[%clk 0:14:12]} Rxb2 33. Qa8 {[%clk
0:12:03]} Qh4 {[%clk 0:11:39]} 34. Re1 {[%clk 0:10:17]} Bb6 {[%clk 0:09:54]}
35. Re8 {[%clk 0:04:16]} Qf2 {[%clk 0:07:00]} 36. Rg8+ {[%clk 0:03:01]} Kf6
{[%clk 0:07:29]} 37. Rxg6+ {[%clk 0:01:56]} fxg6 {[%clk 0:06:19]} 38. Qf8+
{[%clk 0:00:53]} Ke5 {[%clk 0:06:11]} 39. Qe7+ {[%clk 0:00:58]} Kxd5 {[%clk
0:05:12]} 40. Qb7+ {[%clk 0:01:23]} Ke6 {[%clk 0:04:12]} 41. Qc8+ {[%clk
0:00:54]} Ke7 {[%clk 0:30:15]} 42. Qb7+ {[%clk 0:30:44]} Kf6 {[%clk 0:29:32]}
43. Rf3+ {[%clk 0:31:09]} Kg5 {[%clk 0:27:37]} 44. Qe7+ {[%clk 0:30:39]} Kh6
{[%clk 0:27:29]} 45. Rh3+ {[%clk 0:30:30]} Rh4 {[%clk 0:27:51]} 46. Rxh4+
{[%clk 0:30:55]} Qxh4+ {[%clk 0:28:19]} 47. Qxh4+ {[%clk 0:31:14]} Kg7 {[%clk
0:28:49]} 48. Qe7+ {[%clk 0:31:16]} Kh6 {[%clk 0:29:07]} 1-0

[Event "DEM U18 2022"]
[Site "Willingen GER"]
[Date "2022.06.09"]
[Round "7"]
[White "Weidemann, Jakob"]
[Black "Musiolik, David"]
[Result "0-1"]
[Termination "normal"]
[Board "5"]
[WhiteElo "2047"]
[BlackElo "2217"]
[WhiteClock "00:09:00"]
[BlackClock "00:28:33"]
[PlyCount "62"]
[WhiteFideId "16255470"]
[BlackFideId "12972355"]
[EventCountry "GER"]
[EventRounds "9"]
[EventType "swiss"]
[EventDate "2022.06.04"]

1. e4 {[%clk 1:30:57]} e6 {[%clk 1:30:51]} 2. d4 {[%clk 1:31:20]} d5 {[%clk
1:31:17]} 3. Nd2 {[%clk 1:31:41]} Be7 {[%clk 1:31:41]} 4. Bd3 {[%clk 1:31:17]}
c5 {[%clk 1:32:03]} 5. exd5 {[%clk 1:29:46]} Qxd5 {[%clk 1:30:19]} 6. Ngf3
{[%clk 1:17:40]} cxd4 {[%clk 1:30:09]} 7. Be4 {[%clk 1:10:04]} Qd6 {[%clk
1:24:58]} 8. Qe2 {[%clk 1:09:40]} Nf6 {[%clk 1:23:18]} 9. Qc4 {[%clk 1:02:20]}
O-O {[%clk 0:59:25]} 10. Nxd4 {[%clk 0:56:12]} Nxe4 {[%clk 0:58:46]} 11. Nxe4
{[%clk 0:56:31]} Qa6 {[%clk 0:58:04]} 12. Qxa6 {[%clk 0:45:10]} Nxa6 {[%clk
0:58:28]} 13. f4 {[%clk 0:44:41]} b6 {[%clk 0:55:48]} 14. O-O {[%clk 0:40:44]}
Bb7 {[%clk 0:53:44]} 15. Re1 {[%clk 0:40:37]} Rfd8 {[%clk 0:52:14]} 16. c3
{[%clk 0:40:45]} Nb4 {[%clk 0:47:26]} 17. Re2 {[%clk 0:31:45]} Rac8 {[%clk
0:43:50]} 18. Bd2 {[%clk 0:28:32]} Ba6 {[%clk 0:43:11]} 19. Re3 {[%clk
0:26:15]} Nd3 {[%clk 0:42:38]} 20. f5 {[%clk 0:24:25]} e5 {[%clk 0:41:40]} 21.
f6 {[%clk 0:19:56]} exd4 {[%clk 0:41:07]} 22. Rg3 {[%clk 0:19:51]} Bf8 {[%clk
0:28:32]} 23. fxg7 {[%clk 0:20:08]} Be7 {[%clk 0:28:17]} 24. Bg5 {[%clk
0:19:29]} Nc5 {[%clk 0:28:05]} 25. Nxc5 {[%clk 0:13:15]} Bxc5 {[%clk 0:27:50]}
26. Bxd8 {[%clk 0:11:57]} dxc3+ {[%clk 0:28:15]} 27. Kh1 {[%clk 0:12:17]} cxb2
{[%clk 0:28:28]} 28. Rd1 {[%clk 0:10:59]} Be2 {[%clk 0:28:21]} 29. Bf6 {[%clk
0:08:45]} Bxd1 {[%clk 0:28:11]} 30. Bxb2 {[%clk 0:08:56]} Re8 {[%clk 0:28:23]}
31. Bc3 {[%clk 0:09:00]} Re3 {[%clk 0:28:33]} 0-1

[Event "DEM U18 2022"]
[Site "Willingen GER"]
[Date "2022.06.09"]
[Round "7"]
[White "Colbow, Collin"]
[Black "Chen, Qingzhi Alexander"]
[Result "1-0"]
[Termination "normal"]
[Board "6"]
[WhiteTitle "FM"]
[WhiteElo "2345"]
[BlackElo "1879"]
[WhiteClock "00:03:53"]
[BlackClock "00:03:58"]
[PlyCount "87"]
[WhiteFideId "16201132"]
[BlackFideId "16241959"]
[EventCountry "GER"]
[EventRounds "9"]
[EventType "swiss"]
[EventDate "2022.06.04"]

1. e4 {[%clk 1:30:45]} d6 {[%clk 1:30:54]} 2. d4 {[%clk 1:30:25]} Nf6 {[%clk
1:31:21]} 3. Nc3 {[%clk 1:30:48]} g6 {[%clk 1:31:49]} 4. g3 {[%clk 1:27:36]}
Bg7 {[%clk 1:31:17]} 5. Bg2 {[%clk 1:27:59]} Nc6 {[%clk 1:30:28]} 6. Nge2
{[%clk 1:21:42]} O-O {[%clk 1:30:09]} 7. d5 {[%clk 1:20:11]} Nb8 {[%clk
1:26:55]} 8. h3 {[%clk 1:13:00]} c5 {[%clk 1:22:13]} 9. Be3 {[%clk 1:12:13]} b5
{[%clk 0:59:14]} 10. Nxb5 {[%clk 1:07:30]} Ba6 {[%clk 0:58:38]} 11. Nbc3 {[%clk
0:48:36]} Nfd7 {[%clk 0:51:41]} 12. O-O {[%clk 0:43:06]} Qb6 {[%clk 0:42:58]}
13. Rb1 {[%clk 0:37:29]} Bxe2 {[%clk 0:38:41]} 14. Qxe2 {[%clk 0:32:45]} Na6
{[%clk 0:37:01]} 15. Nd1 {[%clk 0:31:17]} Rab8 {[%clk 0:32:38]} 16. f4 {[%clk
0:29:33]} Qb5 {[%clk 0:28:53]} 17. Bf3 {[%clk 0:27:58]} Nc7 {[%clk 0:22:42]}
18. c4 {[%clk 0:24:09]} Qa5 {[%clk 0:21:46]} 19. b3 {[%clk 0:24:23]} Na6 {[%clk
0:20:42]} 20. Rf2 {[%clk 0:19:25]} Nb4 {[%clk 0:18:37]} 21. Kh2 {[%clk
0:17:52]} Rb6 {[%clk 0:17:00]} 22. Bc1 {[%clk 0:18:05]} Rfb8 {[%clk 0:16:55]}
23. Bg4 {[%clk 0:16:40]} R6b7 {[%clk 0:13:59]} 24. Bxd7 {[%clk 0:10:57]} Rxd7
{[%clk 0:14:22]} 25. e5 {[%clk 0:11:15]} Qc7 {[%clk 0:14:07]} 26. a3 {[%clk
0:07:56]} Na6 {[%clk 0:11:56]} 27. e6 {[%clk 0:08:21]} fxe6 {[%clk 0:11:55]}
28. Qxe6+ {[%clk 0:08:35]} Kh8 {[%clk 0:12:10]} 29. Bb2 {[%clk 0:08:56]} Rf8
{[%clk 0:11:24]} 30. f5 {[%clk 0:08:31]} Qd8 {[%clk 0:04:58]} 31. fxg6 {[%clk
0:07:38]} Rxf2+ {[%clk 0:04:34]} 32. Nxf2 {[%clk 0:08:07]} Qf8 {[%clk 0:04:45]}
33. Ng4 {[%clk 0:05:44]} Rc7 {[%clk 0:02:57]} 34. gxh7 {[%clk 0:05:39]} Kxh7
{[%clk 0:03:14]} 35. Bxg7 {[%clk 0:05:30]} Kxg7 {[%clk 0:03:04]} 36. Rb2 {[%clk
0:03:44]} Qf7 {[%clk 0:02:29]} 37. Qh6+ {[%clk 0:04:04]} Kg8 {[%clk 0:02:55]}
38. Rf2 {[%clk 0:04:27]} Qg7 {[%clk 0:03:17]} 39. Qe6+ {[%clk 0:04:41]} Kh8
{[%clk 0:03:43]} 40. Rf7 {[%clk 0:03:17]} Qb2+ {[%clk 0:03:31]} 41. Nf2 {[%clk
0:03:27]} Qd2 {[%clk 0:03:08]} 42. Rf8+ {[%clk 0:03:29]} Kg7 {[%clk 0:03:35]}
43. Rg8+ {[%clk 0:03:53]} Kh7 {[%clk 0:03:58]} 44. Qg6# 1-0